Statistics for Characters in 'A Song of Ice and Fire' by nickname (Game of Thrones)

Click here to take the quiz!

General Stats

  • This quiz has been taken 1,427 times
  • The average score is 28 of 38

Answer Stats

HintAnswer% Correct
KingslayerJaime Lannister
100%
NedEddard Stark
99%
The ImpTyrion Lannister
99%
LittlefingerPetyr Baelish
98%
Mother of DragonsDaenerys Targaryen
97%
The Bastard of WinterfellJon Snow
97%
The HoundSandor Clegane
97%
The SpiderVarys
96%
The King Beyond the WallMance Rayder
92%
The UsurperRobert Baratheon
92%
Sun and StarsDrogo
90%
The Mountain That RidesGregor Clegane
90%
The Mad KingAerys Targaryen
89%
ReekTheon Greyjoy
89%
CatCatelyn Stark
87%
Brotherf*ckerCersei Lannister
87%
The Old LionTywin Lannister
85%
The Red ViperOberyn Martell
83%
Lord of the EyrieJon Arryn
81%
The Beggar KingViserys Targaryen
78%
____ the BuilderBrandon Stark
76%
_____ the ConquerorAegon Targaryen
75%
The King Who Lost the NorthRobb Stark
74%
Water DancerSyrio Forel
64%
_________ the BoldBarristan Selmy
62%
_______ the BeautyBrienne
62%
Alayne StoneSansa Stark
62%
____ the BrokenBran Stark
58%
The Late Lord ____Walder Frey
51%
Ancient Warrior QueenNymeria
48%
Lord of HamSamwell Tarly
47%
The King in the Narrow SeaStannis Baratheon
44%
____ UnderfootArya Stark
43%
Butcher's BoyMycah
41%
HodorWalder
41%
Robert's Master of LawsRenly Baratheon
33%
Lord StokeworthBronn
30%
_______ the IllbornJoffrey Baratheon
14%

Score Distribution

Percentile by Number Answered

Percent of People with Each Score

Your Score History

You have not taken this quiz